LDR 00951naa#a2200169#i#450# 001 RU\\bibl\118725 005 20260517214434.7 011 ## _a1994-4683 100 ## _a20230428b2023####ek#y0rusy0150####ca 102 ## _aRU 200 1# _aЖИЗНЕННО-ТВОРЧЕСКИЙ ПОТЕНЦИАЛ СТУДЕНЧЕСКОЙ МОЛОДЕЖИ КАК ОСНОВА РАЗВИТИЯ ОБЩЕСТВА _eЖурнальная статья 210 1# _aМосква _cНациональный государственный Университет физической культуры, спорта и здоровья им. П.Ф. Лесгафта _d2023 215 ## _a4 с. 608 ## _aЖурнальная статья _2local 675 ## _aОсновы воспитания, образования и обучения (материальные, теоретические, философские и т.п.). 37.01 _z 700 #1 _aМихеева _gВ В 856 4# _auchzapiski.lesgaft.spb.ru _u